Aplikácia kooperatívnej teórie hier pre Cournotove oligopoly bakalárska práca

Gespeichert in:
Bibliographische Detailangaben
1. Verfasser: Mišíková, Tatiana
Körperschaft: Národohospodárska fakulta EU. Katedra ekonómie
Weitere Verfasser: Lennerová, Ivana, 1979-
Format: Buch
Sprache:Slowakisch
Veröffentlicht: Bratislava 2025
Tags: Tag hinzufügen
Keine Tags, Fügen Sie das erste Tag hinzu!

MARC

LEADER 00000nbm a2200000 4500
001 0309478
005 20251023092330.3
041 0 |a slo 
044 |a SK 
245 1 0 |a Aplikácia kooperatívnej teórie hier pre Cournotove oligopoly  |b bakalárska práca  |c Tatiana Mišíková ; školiteľ: Ivana Lennerová 
264 1 |a Bratislava  |c 2025 
300 |a 82 s. 
100 1 |a Mišíková, Tatiana 
700 1 |a Lennerová, Ivana, 1979- 
710 2 |a Národohospodárska fakulta EU. Katedra ekonómie